000 00282nam a22001337a 4500
008 181107b xxu||||| |||| 00| 0 eng d
020 _a0531110052
041 _aeng
080 _a574
100 _a9
101 _aMJE
245 _aEnergy Resources
_cHerda,D.J
942 _2udc
_cBK
999 _c52114
_d52114